000
00193nam a22000857a 4500
999
_c
262881
_d
262880
100
_a
Minarik, Else Holmelund,
245
_a
Little Bear
260
_a
New York
_b
Scholastic
_c
1957
942
_c
BK